[Event "Heraklion op 24th"]
[Site "Heraklion"]
[Date "2018.09.04"]
[Round "2"]
[White "Koutsouraki, Ariadni"]
[Black "Hairetis, Ioannis"]
[Result "0-1"]
[WhiteElo "1419"]
[BlackElo "1836"]
[PlyCount "84"]
[EventDate "2018.09.03"]
[EventType "swiss"]
[EventRounds "9"]
[EventCountry "GRE"]
[SourceTitle "CBM 186 Extra"]
[Source "ChessBase"]
[SourceDate "2018.08.24"]
[SourceVersion "1"]
[SourceVersionDate "2018.08.24"]
[SourceQuality "1"]

1. e4 b6 2. d4 Bb7 3. Nc3 e6 4. a3 Nf6 5. Bd3 Be7 6. Nf3 d6 7. h3 0-0 8. 0-0 Nbd7 9. b4 c5 10. bxc5 bxc5 11. Be3 c4 12. Be2 Nxe4 13. Nxe4 Bxe4 14. Bxc4 Nb6 15. Bd3 Bd5 16. Qe2 Qc7 17. Nd2 Rac8 18. Ba6 Bb7 19. Bxb7 Qxb7 20. Rfc1 d5 21. a4 Nc4 22. Nxc4 Rxc4 23. c3 Qc6 24. Qc2 Rc8 25. Bd2 Rxd4 26. cxd4 Qxc2 27. Rxc2 Rxc2 28. Be3 a5 29. Rc1 Rc4 30. Rxc4 dxc4 31. Kf1 Kf8 32. Ke2 Ke8 33. Kd2 Bb4+ 34. Kc2 Kd7 35. Bd2 Kc6 36. Bc3 f6 37. f4 h5 38. g3 Bxc3 39. Kxc3 Kd5 40. g4 hxg4 41. hxg4 g5 42. fxg5 fxg5 0-1

[Event "Heraklion Gazi op 12th"]
[Site "Malevizi"]
[Date "2016.07.28"]
[Round "1"]
[White "Hairetis, Ioannis"]
[Black "Dounis, Alexandros"]
[Result "1/2-1/2"]
[WhiteElo "1641"]
[BlackElo "2254"]
[PlyCount "84"]
[EventDate "2016.07.28"]
[EventType "swiss"]
[EventRounds "9"]
[EventCountry "GRE"]
[SourceTitle "CBM 173 Extra"]
[Source "ChessBase"]
[SourceDate "2016.08.29"]
[SourceVersion "1"]
[SourceVersionDate "2016.08.29"]
[SourceQuality "1"]

1. e4 e5 2. Nf3 Nc6 3. Bc4 Bc5 4. c3 Nf6 5. d3 0-0 6. 0-0 d5 7. exd5 Nxd5 8. b4 Be7 9. b5 Na5 10. Nxe5 Bf6 11. Re1 Nxc4 12. dxc4 Nb6 13. Qxd8 Rxd8 14. Bf4 Bxe5 15. Bxe5 Nxc4 16. Bxc7 Rf8 17. Bf4 Bd7 18. a4 a6 19. Nd2 axb5 20. Nxc4 bxc4 21. a5 Bc6 22. Bc7 Rfe8 23. Bb6 f6 24. Rad1 Kf7 25. f3 Rxe1+ 26. Rxe1 g5 27. Kf2 h5 28. h4 Rg8 29. hxg5 Rxg5 30. Bd8 Rd5 31. Bb6 Rf5 32. Rd1 h4 33. Rh1 Rh5 34. Ke2 Bd7 35. Kf2 Be6 36. Bd4 h3 37. g4 Rh7 38. Kg3 Bd5 39. Rxh3 Rxh3+ 40. Kxh3 Bxf3 41. Kg3 Be2 42. Kf4 Ke6 1/2-1/2

[Event "Anogia op 5th"]
[Site "Anogia"]
[Date "2016.07.19"]
[Round "9"]
[White "Maris, Ioannis"]
[Black "Hairetis, Ioannis"]
[Result "0-1"]
[WhiteElo "1994"]
[BlackElo "1641"]
[PlyCount "54"]
[EventDate "2016.07.12"]
[EventType "swiss"]
[EventRounds "9"]
[EventCountry "GRE"]
[SourceTitle "CBM 173 Extra"]
[Source "ChessBase"]
[SourceDate "2016.08.29"]
[SourceVersion "1"]
[SourceVersionDate "2016.08.29"]
[SourceQuality "1"]

1. e4 e5 2. Nf3 Nc6 3. Bc4 Bc5 4. c3 Nf6 5. d4 exd4 6. e5 d5 7. Bb5 Ne4 8. cxd4 Bb4+ 9. Kf1 0-0 10. h3 a6 11. Ba4 f6 12. Be3 fxe5 13. dxe5 Be6 14. Kg1 Be7 15. Nc3 Nc5 16. Bc2 Rxf3 17. Bxc5 Bxc5 18. Qxf3 Nd4 19. Qd1 Qg5 20. Ne2 Nf3+ 21. Kf1 Nd2+ 22. Ke1 Bb4 23. Nc3 Nc4 24. Kf1 Rf8 25. Nxd5 Bc5 26. f3 Nd2+ 27. Ke2 Qxg2+ 0-1

[Event "Anogia op 5th"]
[Site "Anogia"]
[Date "2016.07.13"]
[Round "3"]
[White "Serntedakis, Athanasios"]
[Black "Hairetis, Ioannis"]
[Result "1-0"]
[WhiteElo "2083"]
[BlackElo "1641"]
[PlyCount "85"]
[EventDate "2016.07.12"]
[EventType "swiss"]
[EventRounds "9"]
[EventCountry "GRE"]
[SourceTitle "CBM 173 Extra"]
[Source "ChessBase"]
[SourceDate "2016.08.29"]
[SourceVersion "1"]
[SourceVersionDate "2016.08.29"]
[SourceQuality "1"]

1. e4 e5 2. Nf3 Nc6 3. Bc4 Bc5 4. 0-0 Nf6 5. d3 0-0 6. c3 a6 7. a4 Ba7 8. Na3 d6 9. Nc2 Be6 10. Bxe6 fxe6 11. Be3 Bxe3 12. Nxe3 Nh5 13. d4 exd4 14. cxd4 Nf4 15. d5 exd5 16. exd5 Ne5 17. Nxe5 dxe5 18. Qb3 Kh8 19. Qc4 Qg5 20. Kh1 Rf6 21. g3 Qh5 22. Qe4 Rh6 23. h4 Qg5 24. Qf5 Rxh4+ 25. gxh4 Qxh4+ 26. Kg1 Ne2+ 27. Kg2 Nf4+ 28. Kf3 e4+ 29. Kxe4 Re8+ 30. Kd4 Ne6+ 31. Kc3 Qd4+ 32. Kc2 Nc5 33. Rfd1 Qb4 34. Ra3 Ne4 35. Rad3 Nc5 36. Rc3 Qxa4+ 37. Kb1 Nb3 38. Qg4 Re4 39. Qc8+ Re8 40. Qxb7 Na5 41. Qxc7 Rxe3 42. Rxe3 Qxd1+ 43. Qc1 1-0

[Event "Anogia op 5th"]
[Site "Anogia"]
[Date "2016.07.12"]
[Round "1"]
[White "Kourkoulos Arditis, Stamatis"]
[Black "Hairetis, Ioannis"]
[Result "1-0"]
[WhiteElo "2372"]
[BlackElo "1641"]
[PlyCount "57"]
[EventDate "2016.07.12"]
[EventType "swiss"]
[EventRounds "9"]
[EventCountry "GRE"]
[SourceTitle "CBM 173 Extra"]
[Source "ChessBase"]
[SourceDate "2016.08.29"]
[SourceVersion "1"]
[SourceVersionDate "2016.08.29"]
[SourceQuality "1"]

1. Nf3 Nf6 2. c4 g6 3. g3 Bg7 4. Bg2 0-0 5. 0-0 d6 6. Nc3 Nbd7 7. d4 e5 8. Qc2 c6 9. Rd1 Qc7 10. b3 Rd8 11. Ba3 exd4 12. Nxd4 a5 13. Ndb5 Qb6 14. Nxd6 Nc5 15. Nxc8 Raxc8 16. Rxd8+ Rxd8 17. Rd1 Rxd1+ 18. Qxd1 Ne6 19. e3 Qc7 20. Qd3 Qe5 21. Bd6 Qh5 22. h3 Ng5 23. Be7 h6 24. Qd8+ Kh7 25. Bxf6 Nxh3+ 26. Bxh3 Qxh3 27. Bxg7 Kxg7 28. Ne4 Qe6 29. Qd4+ 1-0

[Event "Heraklio op-A 15th"]
[Site "Heraklion"]
[Date "2015.09.01"]
[Round "1"]
[White "Lirindzakis, Timotheos"]
[Black "Hairetis, Ioannis"]
[Result "1-0"]
[WhiteElo "2212"]
[BlackElo "1405"]
[PlyCount "65"]
[EventDate "2015.09.01"]
[EventType "swiss"]
[EventRounds "7"]
[EventCountry "GRE"]
[SourceTitle "EXT 2024"]
[Source "ChessBase"]
[SourceDate "2023.10.10"]
[SourceVersion "1"]
[SourceVersionDate "2023.10.10"]
[SourceQuality "1"]

1. d4 Nf6 2. c4 g6 3. Nc3 Bg7 4. e4 d6 5. Nf3 0-0 6. Be2 e5 7. 0-0 Nc6 8. d5 Ne7 9. b4 Nd7 10. a4 a5 11. bxa5 Nc5 12. Be3 Rxa5 13. Nd2 b6 14. Nb3 Nxb3 15. Qxb3 f5 16. f3 f4 17. Bd2 Ra8 18. Nb5 Bd7 19. a5 bxa5 20. Rxa5 Qb8 21. Rfa1 Qb6+ 22. Kf1 Rxa5 23. Bxa5 Qc5 24. Nxc7 Rc8 25. Bb6 Rb8 26. Ra8 Rxa8 27. Bxc5 Ra1+ 28. Kf2 dxc5 29. Qb6 Bf8 30. Qd6 Bc8 31. Qd8 Ra2 32. Qe8 Ra7 33. d6 1-0

[Event "Heraklion Gazi op 11th"]
[Site "Heraklion"]
[Date "2015.07.26"]
[Round "2"]
[White "Halkiadakis, Marios"]
[Black "Hairetis, Ioannis"]
[Result "1-0"]
[WhiteElo "1761"]
[BlackElo "1297"]
[PlyCount "71"]
[EventDate "2015.07.25"]
[EventType "swiss"]
[EventRounds "9"]
[EventCountry "GRE"]
[SourceTitle "CBM 167 Extra"]
[Source "ChessBase"]
[SourceDate "2015.09.14"]
[SourceVersion "1"]
[SourceVersionDate "2015.09.14"]
[SourceQuality "1"]

1. e4 e5 2. Nf3 Nc6 3. Bc4 Bc5 4. c3 Nf6 5. d3 h6 6. b4 Bb6 7. b5 Na5 8. Nxe5 0-0 9. Bb3 Nxb3 10. Qxb3 d5 11. exd5 Re8 12. d4 Nxd5 13. 0-0 Be6 14. Qc2 Qf6 15. Nd2 Nb4 16. Qa4 Nd5 17. Bb2 Nf4 18. Ne4 Qf5 19. Ng3 Qg5 20. Bc1 Qf6 21. Kh1 Bd5 22. f3 Qh4 23. Qc2 Ne6 24. Nxf7 Nxd4 25. Nxh6+ Kh8 26. cxd4 gxh6 27. Nf5 Qh5 28. Bf4 Qg6 29. Be5+ Rxe5 30. dxe5 Rg8 31. Qd2 Ba5 32. Qxh6+ Qxh6 33. Nxh6 Rg5 34. Rad1 Rxe5 35. Ng4 Rf5 36. Ne3 1-0